LEADER 00905nam0 2200241 450 001 000011061 005 20181129124209.0 100 $a20080513d1977----km-y0itay50------ba 101 0 $aita 102 $aIT 105 $ay---n---001yy 200 1 $a<>imposta comunale sull'incremento di valore degli immobili (IN.V.IM)$etesto coordinato con commento, circolari illustrative, risoluzioni ministeriali$fG. Tani, F. Piccioli 210 $aFirenze$cNoccioli$d1977 215 $a313 p.$d24 cm 610 1 $aImposta sull'incremento di valore degli immobili 676 $a336$v18$9Finanza pubblica, tributi 700 1$aTani,$bGino$0158318 701 1$aPiccioli,$bFrancesco$06920 801 0$aIT$bUNIPARTHENOPE$c20080513$gRICA$2UNIMARC 912 $a000011061 951 $a343.03/100$b21165$cNAVA4 996 $aImposta comunale sull'incremento di valore degli immobili (IN.V.IM$91204169 997 $aUNIPARTHENOPE